<?xml version="1.0" encoding="UTF-8"?>
<record
    xmlns:xsi="http://www.w3.org/2001/XMLSchema-instance"
    xsi:schemaLocation="http://www.loc.gov/MARC21/slim http://www.loc.gov/standards/marcxml/schema/MARC21slim.xsd"
    xmlns="http://www.loc.gov/MARC21/slim">

  <leader>02504nam a22003857a 4500</leader>
  <controlfield tag="008">150624b    2003mx ||||| |||| 00| 0 spa d</controlfield>
  <datafield tag="020" ind1=" " ind2=" ">
    <subfield code="a">9702604087</subfield>
  </datafield>
  <datafield tag="050" ind1=" " ind2=" ">
    <subfield code="a">HF5651 </subfield>
    <subfield code="b">C3518</subfield>
  </datafield>
  <datafield tag="082" ind1=" " ind2=" ">
    <subfield code="a">657.48 C157c  2003</subfield>
  </datafield>
  <datafield tag="100" ind1=" " ind2=" ">
    <subfield code="a">Calleja Bernal, Francisco Javier</subfield>
    <subfield code="e">autor</subfield>
  </datafield>
  <datafield tag="245" ind1="1" ind2="0">
    <subfield code="a">Contabilidad administrativa</subfield>
    <subfield code="c"> / Francisco Javier Calleja Bernal</subfield>
  </datafield>
  <datafield tag="260" ind1=" " ind2=" ">
    <subfield code="a">M&#xE9;xico</subfield>
    <subfield code="b"> : Pearson</subfield>
    <subfield code="c"> , 2003</subfield>
  </datafield>
  <datafield tag="300" ind1=" " ind2=" ">
    <subfield code="a">203 p&#xE1;ginas</subfield>
    <subfield code="b">: il., tablas</subfield>
  </datafield>
  <datafield tag="500" ind1=" " ind2=" ">
    <subfield code="a">Incluye:
Acerca del autor
Resumen de contenido
Introducci&#xF3;n
Generalidades
&#xCD;ndice de t&#xE9;rminos
Ap&#xE9;ndice A,B y C</subfield>
  </datafield>
  <datafield tag="500" ind1=" " ind2=" ">
    <subfield code="a">Educaci&#xF3;n Mixta
Contabilidad/ T&#xF3;picos Actuales (P28) / 13 003295</subfield>
  </datafield>
  <datafield tag="504" ind1=" " ind2=" ">
    <subfield code="a">Bibliograf&#xED;a (p&#xE1;gina 205)</subfield>
  </datafield>
  <datafield tag="505" ind1=" " ind2=" ">
    <subfield code="a">Costo variable o directo
El modelo costo-volumen-utilidad
El papel de la informaci&#xF3;n contable en la toma de decisiones
El uso de los costos relevantes en la toma de decisiones a corto plazo
Fijaci&#xF3;n de precios
Presupuestos
Flujo de efectivo
Evaluaci&#xF3;n del desempe&#xF1;o
Evaluaci&#xF3;n de proyectos de inversi&#xF3;n (una introducci&#xF3;n)
Repaso de contabilidad de costos
Repaso de contabilidad de costos
Caso de repaso de contabilidad de costos</subfield>
  </datafield>
  <datafield tag="519" ind1=" " ind2=" ">
    <subfield code="a">Educaci&#xF3;n Mixta / </subfield>
    <subfield code="b">Contaduria / </subfield>
    <subfield code="c">T&#xF3;picos actuales (P28-1) / </subfield>
    <subfield code="d">(06 003267)</subfield>
  </datafield>
  <datafield tag="519" ind1=" " ind2=" ">
    <subfield code="a">Educaci&#xF3;n Mixta / </subfield>
    <subfield code="b">Contadur&#xED;a / </subfield>
    <subfield code="c">T&#xF3;picos actuales (P28) / </subfield>
    <subfield code="d">(20 002537)</subfield>
  </datafield>
  <datafield tag="519" ind1=" " ind2=" ">
    <subfield code="a">Plan flecible / </subfield>
    <subfield code="b">Conradur&#xED;a / </subfield>
    <subfield code="c">Analisis de Estados Financieros P18 / </subfield>
    <subfield code="d">(21 003060)</subfield>
  </datafield>
  <datafield tag="519" ind1=" " ind2=" ">
    <subfield code="a">Educaci&#xF3;n Mixta / </subfield>
    <subfield code="b">Contabilidad / </subfield>
    <subfield code="c">T&#xF3;picos Actuales (P28-1) / </subfield>
    <subfield code="d">(19 002310)</subfield>
  </datafield>
  <datafield tag="519" ind1=" " ind2=" ">
    <subfield code="a">Educaci&#xF3;n Mixta /
</subfield>
    <subfield code="b">Contadur&#xED;a / </subfield>
    <subfield code="c">T&#xF3;picos Actuales (P28-1) /</subfield>
    <subfield code="d">(03 007678)</subfield>
  </datafield>
  <datafield tag="519" ind1=" " ind2=" ">
    <subfield code="a">Material complementario /  </subfield>
    <subfield code="d">(03 005991)</subfield>
  </datafield>
  <datafield tag="519" ind1=" " ind2=" ">
    <subfield code="a">Educaci&#xF3;n Mixta /


</subfield>
    <subfield code="b">Contadur&#xED;a / </subfield>
    <subfield code="c">T&#xF3;picos Actuales (P28-1) / </subfield>
    <subfield code="d">(22  001135)

</subfield>
  </datafield>
  <datafield tag="519" ind1=" " ind2=" ">
    <subfield code="a">Plan Flexible / </subfield>
    <subfield code="b">Gastronom&#xED;a / </subfield>
    <subfield code="c">Finanzas (B10-2) / </subfield>
    <subfield code="d">(18 000590)</subfield>
  </datafield>
  <datafield tag="519" ind1=" " ind2=" ">
    <subfield code="a">Educaci&#xF3;n Mixta / </subfield>
    <subfield code="b">Contaduria / </subfield>
    <subfield code="c">T&#xF3;picos Actuales (P28) / </subfield>
    <subfield code="d">(09 000859)</subfield>
  </datafield>
  <datafield tag="650" ind1=" " ind2="0">
    <subfield code="a">COSTOS</subfield>
    <subfield code="x">CONTABILIDAD</subfield>
  </datafield>
  <datafield tag="650" ind1=" " ind2="0">
    <subfield code="a">PROYECTOS DE INVERSI&#xD3;N</subfield>
  </datafield>
  <datafield tag="650" ind1=" " ind2="0">
    <subfield code="a">TOMA DE DECISIONES</subfield>
  </datafield>
  <datafield tag="942" ind1=" " ind2=" ">
    <subfield code="c">LB</subfield>
  </datafield>
  <datafield tag="952" ind1=" " ind2=" ">
    <subfield code="0">0</subfield>
    <subfield code="1">0</subfield>
    <subfield code="4">0</subfield>
    <subfield code="7">0</subfield>
    <subfield code="a">18</subfield>
    <subfield code="b">18</subfield>
    <subfield code="d">2011-01-03</subfield>
    <subfield code="l">0</subfield>
    <subfield code="o">HF5651 C35</subfield>
    <subfield code="p">18 000590</subfield>
    <subfield code="r">2012-06-26</subfield>
    <subfield code="t">1</subfield>
    <subfield code="w">2012-06-26</subfield>
    <subfield code="y">LB</subfield>
  </datafield>
  <datafield tag="952" ind1=" " ind2=" ">
    <subfield code="0">0</subfield>
    <subfield code="1">0</subfield>
    <subfield code="4">0</subfield>
    <subfield code="7">0</subfield>
    <subfield code="a">03</subfield>
    <subfield code="b">03</subfield>
    <subfield code="d">2009-04-16</subfield>
    <subfield code="l">0</subfield>
    <subfield code="o">HF5635 C27 2003</subfield>
    <subfield code="p">03 005991</subfield>
    <subfield code="r">2016-06-15</subfield>
    <subfield code="t">1</subfield>
    <subfield code="w">2012-07-20</subfield>
    <subfield code="y">LB</subfield>
  </datafield>
  <datafield tag="952" ind1=" " ind2=" ">
    <subfield code="0">0</subfield>
    <subfield code="1">0</subfield>
    <subfield code="4">0</subfield>
    <subfield code="7">0</subfield>
    <subfield code="a">12</subfield>
    <subfield code="b">12</subfield>
    <subfield code="d">2008-11-28</subfield>
    <subfield code="l">0</subfield>
    <subfield code="o">HF5651 C35 2003</subfield>
    <subfield code="p">12 003636</subfield>
    <subfield code="r">2015-04-22</subfield>
    <subfield code="t">1</subfield>
    <subfield code="w">2012-11-01</subfield>
    <subfield code="y">LB</subfield>
  </datafield>
  <datafield tag="952" ind1=" " ind2=" ">
    <subfield code="0">0</subfield>
    <subfield code="1">0</subfield>
    <subfield code="2">lcc</subfield>
    <subfield code="4">0</subfield>
    <subfield code="7">0</subfield>
    <subfield code="a">08</subfield>
    <subfield code="b">08</subfield>
    <subfield code="d">2015-05-21</subfield>
    <subfield code="l">8</subfield>
    <subfield code="o">HF5651 C157 2003</subfield>
    <subfield code="p">08 005567</subfield>
    <subfield code="r">2018-12-05</subfield>
    <subfield code="s">2018-12-05</subfield>
    <subfield code="t">1</subfield>
    <subfield code="w">2015-05-21</subfield>
    <subfield code="y">LB</subfield>
  </datafield>
  <datafield tag="952" ind1=" " ind2=" ">
    <subfield code="0">0</subfield>
    <subfield code="1">0</subfield>
    <subfield code="2">lcc</subfield>
    <subfield code="4">0</subfield>
    <subfield code="7">0</subfield>
    <subfield code="a">14</subfield>
    <subfield code="b">14</subfield>
    <subfield code="d">2015-05-14</subfield>
    <subfield code="l">1</subfield>
    <subfield code="m">1</subfield>
    <subfield code="o">HF5657.4 C35 2003</subfield>
    <subfield code="p">14 001121</subfield>
    <subfield code="r">2018-09-21</subfield>
    <subfield code="s">2018-09-19</subfield>
    <subfield code="t">1</subfield>
    <subfield code="w">2015-05-28</subfield>
    <subfield code="y">LB</subfield>
  </datafield>
  <datafield tag="952" ind1=" " ind2=" ">
    <subfield code="0">0</subfield>
    <subfield code="1">0</subfield>
    <subfield code="4">0</subfield>
    <subfield code="7">0</subfield>
    <subfield code="a">19</subfield>
    <subfield code="b">19</subfield>
    <subfield code="d">2015-05-29</subfield>
    <subfield code="l">0</subfield>
    <subfield code="o">HF5651 C3518</subfield>
    <subfield code="p">19 002310</subfield>
    <subfield code="r">2015-05-29</subfield>
    <subfield code="t">1</subfield>
    <subfield code="w">2015-05-29</subfield>
    <subfield code="y">LB</subfield>
  </datafield>
  <datafield tag="952" ind1=" " ind2=" ">
    <subfield code="0">0</subfield>
    <subfield code="1">0</subfield>
    <subfield code="4">0</subfield>
    <subfield code="7">0</subfield>
    <subfield code="a">03</subfield>
    <subfield code="b">03</subfield>
    <subfield code="d">2015-06-12</subfield>
    <subfield code="l">0</subfield>
    <subfield code="o">HF5635 C27 2003</subfield>
    <subfield code="p">03 007678</subfield>
    <subfield code="r">2015-06-12</subfield>
    <subfield code="t">2</subfield>
    <subfield code="w">2015-06-12</subfield>
    <subfield code="y">LB</subfield>
  </datafield>
  <datafield tag="952" ind1=" " ind2=" ">
    <subfield code="0">0</subfield>
    <subfield code="1">0</subfield>
    <subfield code="2">lcc</subfield>
    <subfield code="4">0</subfield>
    <subfield code="7">0</subfield>
    <subfield code="a">07</subfield>
    <subfield code="b">07</subfield>
    <subfield code="d">2015-06-24</subfield>
    <subfield code="l">1</subfield>
    <subfield code="o">HF5651 C27</subfield>
    <subfield code="p">07 005140</subfield>
    <subfield code="r">2024-04-06</subfield>
    <subfield code="s">2024-03-23</subfield>
    <subfield code="t">1</subfield>
    <subfield code="w">2015-06-24</subfield>
    <subfield code="y">LB</subfield>
  </datafield>
  <datafield tag="952" ind1=" " ind2=" ">
    <subfield code="0">0</subfield>
    <subfield code="1">0</subfield>
    <subfield code="4">0</subfield>
    <subfield code="7">0</subfield>
    <subfield code="a">04</subfield>
    <subfield code="b">04</subfield>
    <subfield code="d">2015-07-30</subfield>
    <subfield code="l">0</subfield>
    <subfield code="o">HF5651 C35</subfield>
    <subfield code="p">04 005523</subfield>
    <subfield code="r">2015-07-30</subfield>
    <subfield code="t">1</subfield>
    <subfield code="w">2015-07-30</subfield>
    <subfield code="y">LB</subfield>
  </datafield>
  <datafield tag="952" ind1=" " ind2=" ">
    <subfield code="0">0</subfield>
    <subfield code="1">0</subfield>
    <subfield code="2">lcc</subfield>
    <subfield code="4">0</subfield>
    <subfield code="7">0</subfield>
    <subfield code="a">13</subfield>
    <subfield code="b">13</subfield>
    <subfield code="d">2015-08-14</subfield>
    <subfield code="l">0</subfield>
    <subfield code="o">HF5651 C35 2003</subfield>
    <subfield code="p">13 003295</subfield>
    <subfield code="r">2015-08-14</subfield>
    <subfield code="t">1</subfield>
    <subfield code="w">2023-11-02</subfield>
    <subfield code="y">LB</subfield>
  </datafield>
  <datafield tag="952" ind1=" " ind2=" ">
    <subfield code="0">0</subfield>
    <subfield code="1">0</subfield>
    <subfield code="2">lcc</subfield>
    <subfield code="4">0</subfield>
    <subfield code="7">0</subfield>
    <subfield code="a">15</subfield>
    <subfield code="b">15</subfield>
    <subfield code="d">2015-05-06</subfield>
    <subfield code="l">1</subfield>
    <subfield code="o">657.48 C157c  2003</subfield>
    <subfield code="p">15 007272</subfield>
    <subfield code="r">2019-06-07</subfield>
    <subfield code="s">2019-06-07</subfield>
    <subfield code="t">1</subfield>
    <subfield code="w">2015-08-31</subfield>
    <subfield code="y">LB</subfield>
  </datafield>
  <datafield tag="952" ind1=" " ind2=" ">
    <subfield code="0">0</subfield>
    <subfield code="1">0</subfield>
    <subfield code="2">lcc</subfield>
    <subfield code="4">0</subfield>
    <subfield code="7">0</subfield>
    <subfield code="a">15</subfield>
    <subfield code="b">15</subfield>
    <subfield code="d">2015-05-06</subfield>
    <subfield code="l">0</subfield>
    <subfield code="o">657.48 C157c  2003</subfield>
    <subfield code="p">15 007273</subfield>
    <subfield code="r">2017-12-07</subfield>
    <subfield code="t">2</subfield>
    <subfield code="w">2015-08-31</subfield>
    <subfield code="y">LB</subfield>
  </datafield>
  <datafield tag="952" ind1=" " ind2=" ">
    <subfield code="0">0</subfield>
    <subfield code="1">0</subfield>
    <subfield code="2">lcc</subfield>
    <subfield code="4">0</subfield>
    <subfield code="7">0</subfield>
    <subfield code="a">12</subfield>
    <subfield code="b">12</subfield>
    <subfield code="d">2015-09-04</subfield>
    <subfield code="l">0</subfield>
    <subfield code="o">HF5651 C27 2003</subfield>
    <subfield code="p">12 002959</subfield>
    <subfield code="r">2015-09-04</subfield>
    <subfield code="t">1</subfield>
    <subfield code="w">2015-09-04</subfield>
    <subfield code="y">LB</subfield>
  </datafield>
  <datafield tag="952" ind1=" " ind2=" ">
    <subfield code="0">0</subfield>
    <subfield code="1">0</subfield>
    <subfield code="2">lcc</subfield>
    <subfield code="4">0</subfield>
    <subfield code="7">0</subfield>
    <subfield code="a">09</subfield>
    <subfield code="b">09</subfield>
    <subfield code="d">2015-09-08</subfield>
    <subfield code="l">0</subfield>
    <subfield code="o">HF5651 C35</subfield>
    <subfield code="p">09 000859</subfield>
    <subfield code="r">2015-09-08</subfield>
    <subfield code="t">1</subfield>
    <subfield code="w">2015-09-08</subfield>
    <subfield code="y">LB</subfield>
  </datafield>
  <datafield tag="952" ind1=" " ind2=" ">
    <subfield code="0">0</subfield>
    <subfield code="1">0</subfield>
    <subfield code="4">0</subfield>
    <subfield code="7">0</subfield>
    <subfield code="a">22</subfield>
    <subfield code="b">22</subfield>
    <subfield code="d">2015-10-08</subfield>
    <subfield code="l">0</subfield>
    <subfield code="o">HF5635 C27 2003</subfield>
    <subfield code="p">22 001135</subfield>
    <subfield code="r">2015-10-08</subfield>
    <subfield code="t">1</subfield>
    <subfield code="w">2015-10-08</subfield>
    <subfield code="y">LB</subfield>
  </datafield>
  <datafield tag="952" ind1=" " ind2=" ">
    <subfield code="0">0</subfield>
    <subfield code="1">0</subfield>
    <subfield code="2">lcc</subfield>
    <subfield code="4">0</subfield>
    <subfield code="7">0</subfield>
    <subfield code="a">21</subfield>
    <subfield code="b">21</subfield>
    <subfield code="d">2016-07-01</subfield>
    <subfield code="l">3</subfield>
    <subfield code="o">HF5651 C3518</subfield>
    <subfield code="p">21 003060</subfield>
    <subfield code="r">2019-09-19</subfield>
    <subfield code="s">2019-02-12</subfield>
    <subfield code="t">1</subfield>
    <subfield code="w">2016-07-01</subfield>
    <subfield code="y">LB</subfield>
  </datafield>
  <datafield tag="952" ind1=" " ind2=" ">
    <subfield code="0">0</subfield>
    <subfield code="1">0</subfield>
    <subfield code="2">lcc</subfield>
    <subfield code="4">0</subfield>
    <subfield code="7">0</subfield>
    <subfield code="a">22</subfield>
    <subfield code="b">22</subfield>
    <subfield code="d">2016-10-04</subfield>
    <subfield code="l">9</subfield>
    <subfield code="o">HF5651 C27 2003</subfield>
    <subfield code="p">06 003267</subfield>
    <subfield code="r">2019-09-19</subfield>
    <subfield code="s">2019-09-19</subfield>
    <subfield code="t">1</subfield>
    <subfield code="w">2016-10-04</subfield>
    <subfield code="y">LB</subfield>
  </datafield>
  <datafield tag="952" ind1=" " ind2=" ">
    <subfield code="0">0</subfield>
    <subfield code="1">0</subfield>
    <subfield code="2">lcc</subfield>
    <subfield code="4">0</subfield>
    <subfield code="7">0</subfield>
    <subfield code="a">20</subfield>
    <subfield code="b">20</subfield>
    <subfield code="d">2018-06-22</subfield>
    <subfield code="l">0</subfield>
    <subfield code="o">HF5651 C35</subfield>
    <subfield code="p">20 002537</subfield>
    <subfield code="r">2018-06-22</subfield>
    <subfield code="t">1</subfield>
    <subfield code="w">2018-06-22</subfield>
    <subfield code="y">LB</subfield>
  </datafield>
  <datafield tag="999" ind1=" " ind2=" ">
    <subfield code="c">97040</subfield>
    <subfield code="d">97040</subfield>
  </datafield>
</record>
